Sekretariát vedoucího porady.

Efektívny priebeh porady nie je len priamou záležitosťou vedúceho pracovníka. Podstatný podiel pripadá aj na sekretariát vedúceho. Funkcie, ktoré plní sekretariát pri príprave porady a v priebehu porady. Dôležitosť zápisu z porady. Štyri podoby zápisu. Predpoklady bezchybnosti zápisu.

Guardado en:
Detalles Bibliográficos
Autor principal: Zuzák, Roman
Formato: Capítulo de libro
Lenguaje:checo
Materias:
Etiquetas: Agregar Etiqueta
Sin Etiquetas, Sea el primero en etiquetar este registro!

MARC

LEADER 00000naa a2200000 4500
001 r008721
005 20221014091810.7
041 0 |a cze 
044 |a [CS] 
245 1 0 |a Sekretariát vedoucího porady.  |c Roman Zuzák 
520 |a Efektívny priebeh porady nie je len priamou záležitosťou vedúceho pracovníka. Podstatný podiel pripadá aj na sekretariát vedúceho. Funkcie, ktoré plní sekretariát pri príprave porady a v priebehu porady. Dôležitosť zápisu z porady. Štyri podoby zápisu. Predpoklady bezchybnosti zápisu. 
610 2 0 |a pracovníci vedúci 
610 2 0 |a porady 
610 2 0 |a sekretárky 
610 2 0 |a práca administratívna 
100 1 |a Zuzák, Roman